Normal view
MARC view
Entry Personal Name
001 - CONTROL NUMBER
- control field: 1180252
003 - CONTROL NUMBER IDENTIFIER
- control field: OSt
005 - DATE AND TIME OF LATEST TRANSACTION
- control field: 20260324130027.0
008 - FIXED-LENGTH DATA ELEMENTS
- fixed length control field: 260324|| aca||aabn | a|a d
040 ## - CATALOGING SOURCE
- Original cataloging agency: OSt
- Transcribing agency: OSt
100 ## - HEADING--PERSONAL NAME
- Personal name: Karin Ikas; Gerhard Wagner
670 ## - SOURCE DATA FOUND
- Source citation: Work cat.: (OSt)1776007: Karin Ikas; Gerhard Wagner, Communicating in the Third Space
